[Event "BCF-chT2 2324 (4NCL)"]
[Site "England"]
[Date "2024.02.11"]
[Round "6.11"]
[White "Slaby, Jerzy"]
[Black "Li, Henry"]
[Result "1/2-1/2"]
[WhiteElo "2470"]
[BlackElo "2300"]
[PlyCount "35"]
[EventDate "2023.11.11"]
[EventType "team-tourn"]
[EventRounds "11"]
[EventCountry "ENG"]
[SourceTitle "CB11_2024"]
[SourceDate "2024.03.13"]
[SourceVersion "1"]
[SourceVersionDate "2024.03.13"]
[SourceQuality "1"]
[WhiteTeam "The Sharks II"]
[BlackTeam "Gonzaga"]
[WhiteTeamCountry "ENG"]
[BlackTeamCountry "ENG"]

1. Nf3 Nf6 2. c4 g6 3. b4 Bg7 4. Bb2 0-0 5. e3 d6 6. d4 e5 7. dxe5 Ng4 8. Be2 a5 9. b5 Nd7 10. Nc3 Ndxe5 11. h3 Nxf3+ 12. gxf3 Nxf2 13. Kxf2 Qh4+ 14. Kg2 Qg5+ 15. Kf2 Qh4+ 16. Kg2 Qg5+ 17. Kf2 Qg3+ 18. Kf1 1/2-1/2

[Event "Titled Tuesday intern op 29th Aug Late"]
[Site "Chess.com INT"]
[Date "2023.08.29"]
[Round "4"]
[White "Slaby, Jerzy"]
[Black "Babazada, Khazar Araz"]
[Result "1-0"]
[WhiteElo "2469"]
[BlackElo "2390"]
[PlyCount "79"]
[EventDate "2023.08.29"]
[EventType "swiss (blitz)"]
[EventRounds "11"]
[EventCountry "USA"]
[SourceTitle "EXT 2024"]
[Source "ChessBase"]
[SourceDate "2023.10.10"]
[SourceVersion "1"]
[SourceVersionDate "2023.10.10"]
[SourceQuality "1"]

1. e4 d5 2. exd5 Qxd5 3. Nc3 Qd6 4. d4 c6 5. Bc4 Nf6 6. Nge2 Bf5 7. Bf4 Qb4 8. Bb3 e6 9. Qd2 Bd6 10. a3 Bxf4 11. Nxf4 Qa5 12. f3 Nbd7 13. g4 Bg6 14. h4 e5 15. dxe5 Nxe5 16. 0-0-0 0-0 17. h5 Nxf3 18. Qe3 Bxc2 19. Kxc2 Ng5 20. h6 Rfe8 21. Qd3 Rad8 22. Qf5 Qxf5+ 23. gxf5 Rxd1 24. Rxd1 gxh6 25. a4 Kg7 26. a5 a6 27. Nd3 Nfe4 28. Nxe4 Nxe4 29. Rf1 Kf6 30. Rh1 Kxf5 31. Rxh6 Ng5 32. Nc5 Re2+ 33. Kc3 Re3+ 34. Kb4 Re7 35. Bc4 Kg4 36. Rf6 h5 37. Rf1 h4 38. Rg1+ Kh5 39. Kc3 h3 40. Kd4 1-0

[Event "Titled Tuesday intern op 08th Aug Late"]
[Site "Chess.com INT"]
[Date "2023.08.08"]
[Round "4"]
[White "Nemeth, John"]
[Black "Slaby, Jerzy"]
[Result "1-0"]
[WhiteElo "2143"]
[BlackElo "2469"]
[PlyCount "91"]
[EventDate "2023.08.08"]
[EventType "swiss (blitz)"]
[EventRounds "11"]
[EventCountry "USA"]
[SourceTitle "EXT 2024"]
[Source "ChessBase"]
[SourceDate "2023.10.10"]
[SourceVersion "1"]
[SourceVersionDate "2023.10.10"]
[SourceQuality "1"]

1. Nf3 c5 2. g3 Nc6 3. c4 g6 4. Bg2 Bg7 5. 0-0 d6 6. Nc3 Nh6 7. d3 0-0 8. Bd2 Nf5 9. a3 Rb8 10. b4 b6 11. bxc5 dxc5 12. Rb1 Bb7 13. Qa4 Qd7 14. Nd1 Rfd8 15. Kh1 Ncd4 16. Qxd7 Rxd7 17. Nxd4 Nxd4 18. Bxb7 Rbxb7 19. Nc3 e6 20. Kg2 f5 21. f3 Nc2 22. Rb3 Nd4 23. Rbb1 Kf7 24. a4 h5 25. Kf2 Bf6 26. Nb5 g5 27. a5 bxa5 28. Nd6+ Rxd6 29. Rxb7+ Kg6 30. Rxa7 Nb3 31. Bxa5 g4 32. Rb1 Nd4 33. Rb6 Rd8 34. e3 Nxf3 35. Rxe6 Rxd3 36. Raa6 Ra3 37. Rxf6+ Kg7 38. Bc7 Rc3 39. Ke2 Rc2+ 40. Kd1 Rxh2 41. Bf4 h4 42. gxh4 Rxh4 43. Rfb6 Rh1+ 44. Kc2 Ne1+ 45. Kb3 Nd3 46. Rb7+ 1-0

[Event "Titled Tuesday intern op 08th Aug Late"]
[Site "Chess.com INT"]
[Date "2023.08.08"]
[Round "11"]
[White "Slaby, Jerzy"]
[Black "Nasta, Kiren Vivek"]
[Result "1-0"]
[WhiteElo "2469"]
[BlackElo "2057"]
[PlyCount "59"]
[EventDate "2023.08.08"]
[EventType "swiss (blitz)"]
[EventRounds "11"]
[EventCountry "USA"]
[SourceTitle "EXT 2024"]
[Source "ChessBase"]
[SourceDate "2023.10.10"]
[SourceVersion "1"]
[SourceVersionDate "2023.10.10"]
[SourceQuality "1"]

1. e4 e5 2. Nf3 Nc6 3. Bb5 a6 4. Bxc6 dxc6 5. 0-0 Qd6 6. Na3 Be6 7. Qe2 f6 8. Rd1 Be7 9. d4 0-0-0 10. Be3 Bg4 11. dxe5 Qe6 12. Rxd8+ Bxd8 13. Nd4 Qd7 14. f3 fxe5 15. Nb3 Be6 16. Nc5 Qe8 17. Nxa6 bxa6 18. Qxa6+ Kd7 19. Bc5 Be7 20. Rd1+ Bd6 21. Bxd6 cxd6 22. Qb7+ Kd8 23. Rxd6+ Bd7 24. Nc4 Nf6 25. Qxc6 Ke7 26. Qc5 Kf7 27. Nxe5+ Kg8 28. Nxd7 Nxd7 29. Qd5+ Qf7 30. Rxd7 1-0

[Event "Titled Tuesday intern op 08th Aug Late"]
[Site "Chess.com INT"]
[Date "2023.08.08"]
[Round "5"]
[White "Slaby, Jerzy"]
[Black "Sala, Giulia"]
[Result "1-0"]
[WhiteElo "2469"]
[BlackElo "2011"]
[PlyCount "105"]
[EventDate "2023.08.08"]
[EventType "swiss (blitz)"]
[EventRounds "11"]
[EventCountry "USA"]
[SourceTitle "EXT 2024"]
[Source "ChessBase"]
[SourceDate "2023.10.10"]
[SourceVersion "1"]
[SourceVersionDate "2023.10.10"]
[SourceQuality "1"]

1. e4 g6 2. d4 Bg7 3. Be3 d6 4. Nc3 Nf6 5. f3 0-0 6. Qd2 c6 7. h4 b5 8. h5 b4 9. Na4 Qa5 10. b3 Ba6 11. Bxa6 Nxa6 12. Ne2 c5 13. Bh6 cxd4 14. Bxg7 Kxg7 15. hxg6 fxg6 16. Nxd4 Rac8 17. Ne6+ Kf7 18. Nxf8 Kxf8 19. Nb2 Qe5 20. 0-0-0 Nc5 21. Kb1 a5 22. g4 a4 23. g5 Nh5 24. Nc4 Qg7 25. e5 a3 26. Qxb4 d5 27. Rxd5 Ne6 28. Qxa3 Qf7 29. Qa6 Re8 30. Rhd1 Nc7 31. Qc6 Nxd5 32. Qxd5 Qf5 33. a4 Nf4 34. Qe4 Qxg5 35. a5 Ne6 36. a6 Qg2 37. a7 Qf2 38. a8Q Rxa8 39. Qxa8+ Kg7 40. Qd5 Nf4 41. Qe4 Ne2 42. Qd3 Nf4 43. Qd2 Qg3 44. e6 Qxf3 45. Qd4+ Kh6 46. Ne5 Qg3 47. Rh1+ Kg5 48. Nf7+ Kf5 49. Qe5+ Kg4 50. Qg5+ Kf3 51. Rf1+ Ke2 52. Qxg3 Kxf1 53. Qxf4+ 1-0

[Event "Titled Tuesday intern op 11th Oct Early"]
[Site "Chess.com INT"]
[Date "2022.10.11"]
[Round "2"]
[White "Lazavik, Denis"]
[Black "Slaby, Jerzy"]
[Result "1-0"]
[WhiteElo "2529"]
[BlackElo "2469"]
[PlyCount "53"]
[EventDate "2022.10.11"]
[EventType "swiss (blitz)"]
[EventRounds "11"]
[EventCountry "USA"]
[SourceTitle "EXT 2024"]
[Source "ChessBase"]
[SourceDate "2023.10.10"]
[SourceVersion "1"]
[SourceVersionDate "2023.10.10"]
[SourceQuality "1"]

1. d4 Nf6 2. c4 g6 3. g3 Bg7 4. Bg2 0-0 5. Nc3 c6 6. e4 d6 7. Nge2 e5 8. 0-0 Nbd7 9. h3 Re8 10. Be3 a6 11. a4 a5 12. Qc2 Qc7 13. Rad1 exd4 14. Nxd4 Nc5 15. Rfe1 Nfd7 16. f4 Na6 17. b3 Nb4 18. Qb1 Nc5 19. Bf2 Bd7 20. Nde2 f5 21. e5 Ncd3 22. Rxd3 Nxd3 23. exd6 Qxd6 24. Rd1 Rad8 25. Rxd3 Qb4 26. Qd1 Qe7 27. Bb6 1-0

[Event "Titled Tuesday intern op 11th Oct Early"]
[Site "Chess.com INT"]
[Date "2022.10.11"]
[Round "6"]
[White "Matinian, Nikita"]
[Black "Slaby, Jerzy"]
[Result "1-0"]
[WhiteElo "2425"]
[BlackElo "2469"]
[PlyCount "83"]
[EventDate "2022.10.11"]
[EventType "swiss (blitz)"]
[EventRounds "11"]
[EventCountry "USA"]
[SourceTitle "EXT 2024"]
[Source "ChessBase"]
[SourceDate "2023.10.10"]
[SourceVersion "1"]
[SourceVersionDate "2023.10.10"]
[SourceQuality "1"]

1. e4 c5 2. Nf3 d6 3. d4 cxd4 4. Nxd4 Nf6 5. Nc3 g6 6. Be3 Bg7 7. Be2 0-0 8. Qd2 Nc6 9. 0-0-0 Nxd4 10. Bxd4 Be6 11. h4 Qa5 12. a3 Rfc8 13. Kb1 b5 14. Bxf6 exf6 15. Nd5 Qd8 16. h5 Rc5 17. h6 Bh8 18. Nf4 Rac8 19. Nxe6 fxe6 20. Qxd6 Qxd6 21. Rxd6 Rxc2 22. Bxb5 f5 23. Rd8+ Rxd8 24. Kxc2 fxe4 25. Rh4 Rb8 26. a4 a6 27. Bxa6 Rxb2+ 28. Kd1 Rxf2 29. Rxe4 Kf7 30. Bc4 Rxg2 31. a5 Rg1+ 32. Kc2 Ra1 33. a6 g5 34. Rxe6 Kf8 35. Rb6 Bd4 36. Rb8+ Ke7 37. Rb7+ Kf6 38. Rxh7 Kg6 39. Rd7 Be5 40. h7 g4 41. Bd3+ Kg5 42. Rd5 1-0

[Event "BCF-chT2c 1112 (4NCL)"]
[Site "England"]
[Date "2012.05.06"]
[Round "10.211"]
[White "Slaby, Jerzy"]
[Black "Van Kampen, Robin"]
[Result "1/2-1/2"]
[WhiteElo "2493"]
[BlackElo "2568"]
[PlyCount "65"]
[EventDate "2011.11.12"]
[EventType "team-swiss"]
[EventRounds "11"]
[EventCountry "ENG"]
[SourceTitle "EXT 2013"]
[Source "ChessBase"]
[SourceDate "2012.11.22"]
[SourceVersion "1"]
[SourceVersionDate "2012.11.22"]
[SourceQuality "1"]
[WhiteTeam "Pandoras Box"]
[BlackTeam "Sambuca Sharks"]
[WhiteTeamCountry "ENG"]
[BlackTeamCountry "ENG"]

1. c4 e5 2. g3 c6 3. Bg2 d5 4. cxd5 cxd5 5. d4 e4 6. Nc3 Nc6 7. Nh3 Be7 8. 0-0 Nf6 9. Bg5 Nh5 10. e3 Bxh3 11. Bxe7 Nxe7 12. Bxh3 Nf6 13. Qb3 Rb8 14. Rac1 0-0 15. Na4 Nc6 16. Nc5 Na5 17. Qa3 Nc4 18. Qc3 Nd6 19. Qa3 h5 20. Nd7 Nxd7 21. Qxd6 Nf6 22. Qa3 a6 23. Rc5 Qd6 24. Rfc1 Rfd8 25. Qb3 Nh7 26. Rc7 Ng5 27. Bg2 Rd7 28. Rc8+ Rxc8 29. Rxc8+ Kh7 30. Qd1 g6 31. h4 Ne6 32. Bh3 Rc7 33. Bxe6 1/2-1/2

[Event "BCF-chT1d 1011 (4NCL) Demotion pool"]
[Site "England"]
[Date "2011.05.02"]
[Round "11.17"]
[White "Slaby, Jerzy"]
[Black "Rendle, Thomas E"]
[Result "1/2-1/2"]
[WhiteElo "2481"]
[BlackElo "2400"]
[PlyCount "59"]
[EventDate "2010.11.06"]
[EventType "team-tourn"]
[EventRounds "4"]
[EventCountry "ENG"]
[SourceTitle "EXT 2012"]
[Source "ChessBase"]
[SourceDate "2011.11.24"]
[SourceVersion "1"]
[SourceVersionDate "2011.11.24"]
[SourceQuality "1"]
[WhiteTeam "Pandoras Box"]
[BlackTeam "Sambuca Sharks"]
[WhiteTeamCountry "ENG"]
[BlackTeamCountry "ENG"]

1. Nf3 f5 2. g3 Nf6 3. Bg2 g6 4. b3 Bg7 5. Bb2 0-0 6. c4 d6 7. d4 c6 8. Nbd2 Qc7 9. Qc2 Re8 10. 0-0 Na6 11. a3 e5 12. c5 e4 13. cxd6 Qxd6 14. Ne5 Be6 15. b4 Rac8 16. e3 Bd5 17. Rfc1 Qe6 18. h4 Nb8 19. a4 Nbd7 20. Ndc4 Bf8 21. Qd2 Red8 22. Bf1 Nxe5 23. Nxe5 Ng4 24. b5 Bd6 25. bxc6 bxc6 26. Qa5 Bxe5 27. dxe5 Rd7 28. Qc3 h6 29. Be2 Re8 30. Bxg4 1/2-1/2

[Event "BCF-chT1a 1011 (4NCL)"]
[Site "England"]
[Date "2011.02.19"]
[Round "5.11"]
[White "Adams, Michael"]
[Black "Slaby, Jerzy"]
[Result "0-1"]
[WhiteElo "2723"]
[BlackElo "2481"]
[PlyCount "100"]
[EventDate "2010.11.06"]
[EventType "team-tourn"]
[EventRounds "7"]
[EventCountry "ENG"]
[SourceTitle "EXT 2012"]
[Source "ChessBase"]
[SourceDate "2011.11.24"]
[SourceVersion "1"]
[SourceVersionDate "2011.11.24"]
[SourceQuality "1"]
[WhiteTeam "Pride and Prejudice"]
[BlackTeam "Pandoras Box"]
[WhiteTeamCountry "ENG"]
[BlackTeamCountry "ENG"]

1. e4 c5 2. Nf3 Nc6 3. Bb5 d6 4. 0-0 Bd7 5. Re1 Nf6 6. c3 a6 7. Bf1 Bg4 8. h3 Bxf3 9. Qxf3 g6 10. d3 Bg7 11. Be3 0-0 12. Nd2 Nd7 13. Qe2 b5 14. a3 a5 15. Nf3 b4 16. d4 bxc3 17. bxc3 Rb8 18. Qc2 Qc7 19. Rab1 e6 20. Bb5 Ne7 21. Bg5 Nf6 22. Qd2 cxd4 23. cxd4 Rfc8 24. a4 Ra8 25. Qf4 d5 26. e5 Ne4 27. Rec1 Qa7 28. g4 Rxc1+ 29. Rxc1 Rc8 30. Rxc8+ Nxc8 31. Bd8 Nb6 32. Ng5 Nxg5 33. Bxg5 Nc4 34. h4 Bf8 35. Bf6 Na3 36. Bd3 Qc7 37. Qd2 Bb4 38. Qe3 Qc3 39. h5 Nc2 40. hxg6 fxg6 41. Bxc2 Qxc2 42. Kg2 Qxa4 43. Qd3 Qc6 44. Qb3 Qd7 45. Kg3 Kf7 46. Kh4 Qc6 47. Bg5 Qd7 48. Bf6 h6 49. Qd3 Qc6 50. Qb3 Qc3 0-1

[Event "POL-chT 1st League"]
[Site "Katowice"]
[Date "2010.09.06"]
[Round "3"]
[White "Kaim, Piotr"]
[Black "Slaby, Jerzy"]
[Result "0-1"]
[WhiteElo "2288"]
[BlackElo "2477"]
[PlyCount "96"]
[EventDate "2010.09.04"]
[EventType "team-tourn"]
[EventRounds "9"]
[EventCountry "POL"]
[SourceTitle "EXT 2019"]
[Source "ChessBase"]
[SourceDate "2018.10.10"]
[SourceVersion "1"]
[SourceVersionDate "2018.10.10"]
[SourceQuality "1"]
[WhiteTeam "Warszawa YMCA"]
[BlackTeam "Pultusk Nadnarwianka"]
[WhiteTeamCountry "POL"]
[BlackTeamCountry "POL"]

1. e4 c5 2. Nf3 Nc6 3. d4 cxd4 4. Nxd4 Nf6 5. Nc3 d6 6. Bg5 e6 7. Qd3 a6 8. Be2 Bd7 9. 0-0 Qc7 10. Bxf6 gxf6 11. Rad1 h5 12. Kh1 Be7 13. f4 h4 14. Bg4 Nxd4 15. Qxd4 Rc8 16. f5 Qc5 17. Qd3 Qe5 18. Qh3 Rc7 19. Ne2 Rc4 20. Nf4 exf5 21. Nd3 Qxe4 22. Bf3 Qe3 23. Rde1 Qg5 24. Bd5 Re4 25. Qf3 h3 26. g3 Qd2 27. Rxe4 Qg2+ 28. Qxg2 hxg2+ 29. Kxg2 fxe4 30. Nf4 Bc6 31. h4 f5 32. c4 Bf6 33. b3 Ke7 34. Nh3 Rg8 35. Kh2 Be5 36. Nf4 Bxf4 37. Rxf4 Bxd5 38. cxd5 Kf6 39. Rf2 Ke5 40. Kg2 Rg4 41. h5 Rg5 42. h6 Rg6 43. Rc2 Rxh6 44. Rc7 Rf6 45. Rxb7 f4 46. Re7+ Kxd5 47. g4 Kd4 48. Kh3 f3 0-1

[Event "POL-chT 1st League"]
[Site "Katowice"]
[Date "2010.09.04"]
[Round "1"]
[White "Brodowski, Piotr"]
[Black "Slaby, Jerzy"]
[Result "1/2-1/2"]
[WhiteElo "2413"]
[BlackElo "2477"]
[PlyCount "143"]
[EventDate "2010.09.04"]
[EventType "team-tourn"]
[EventRounds "9"]
[EventCountry "POL"]
[SourceTitle "EXT 2019"]
[Source "ChessBase"]
[SourceDate "2018.10.10"]
[SourceVersion "1"]
[SourceVersionDate "2018.10.10"]
[SourceQuality "1"]
[WhiteTeam "Kozuchow Odrodzenie"]
[BlackTeam "Pultusk Nadnarwianka"]
[WhiteTeamCountry "POL"]
[BlackTeamCountry "POL"]

1. d4 Nf6 2. c4 g6 3. Nf3 Bg7 4. Nc3 0-0 5. Bg5 c5 6. d5 d6 7. e3 e6 8. dxe6 Bxe6 9. Be2 Nc6 10. 0-0 h6 11. Bh4 g5 12. Bg3 d5 13. Ne5 d4 14. Nxc6 bxc6 15. exd4 cxd4 16. Na4 Ne4 17. Bd3 Nxg3 18. hxg3 Rb8 19. b3 Qd6 20. Qd2 Rb4 21. Rfe1 a5 22. Qe2 Re8 23. Qe4 Rbb8 24. Qh7+ Kf8 25. c5 Qc7 26. Nb6 Bd7 27. Nc4 Rxe1+ 28. Rxe1 Rb5 29. Qe4 Be6 30. Qf3 g4 31. Qd1 Rxc5 32. Qc1 Kg8 33. Qa3 Bf8 34. Qb2 Rd5 35. Be4 Rd8 36. Qe2 Bg7 37. Nb2 c5 38. Rc1 Rc8 39. Bd3 Qe5 40. Qxe5 Bxe5 41. Nc4 Bc7 42. Nb2 Bd6 43. Kf1 Kg7 44. Rc2 h5 45. Nc4 Bc7 46. Nb2 Bd8 47. Na4 Be7 48. Rc1 Rc7 49. Nb6 Rc6 50. Na4 Kf6 51. Nb2 Rc8 52. Rc2 Bd7 53. Nc4 Bb5 54. Re2 Rb8 55. Ke1 a4 56. Rb2 axb3 57. Rxb3 Bxc4 58. Bxc4 Ra8 59. a3 Ra5 60. Bb5 Ra7 61. Kd2 Bd8 62. Kd3 Re7 63. Rb1 Re5 64. Bc4 Rf5 65. Ke2 Ba5 66. Rb5 Re5+ 67. Kd3 Be1 68. Rb7 Re7 69. Rxe7 Kxe7 70. Ke2 Ba5 71. a4 f5 72. Bg8 1/2-1/2

[Event "Karvina op"]
[Site "Karvina"]
[Date "2010.07.06"]
[Round "4"]
[White "Slaby, Jerzy"]
[Black "Borovicka, Bohumil"]
[Result "1-0"]
[WhiteElo "2485"]
[BlackElo "2015"]
[PlyCount "67"]
[EventDate "2010.07.03"]
[EventType "swiss"]
[EventRounds "9"]
[EventCountry "CZE"]
[SourceTitle "EXT 2011"]
[Source "ChessBase"]
[SourceDate "2010.11.26"]
[SourceVersion "1"]
[SourceVersionDate "2010.11.26"]
[SourceQuality "1"]

1. e4 c5 2. Nf3 Nf6 3. e5 Nd5 4. c3 Nc6 5. Bc4 Nb6 6. Bb3 c4 7. Bc2 Qc7 8. Qe2 g5 9. h3 Bg7 10. 0-0 g4 11. hxg4 Nxe5 12. Nxe5 Qxe5 13. Qxe5 Bxe5 14. Na3 a6 15. d3 cxd3 16. Bxd3 d5 17. g5 Bd6 18. Nc2 Nc4 19. f4 Bd7 20. b3 Na5 21. Be3 Nc6 22. Nd4 0-0-0 23. Nxc6 Bxc6 24. Bd4 Rhe8 25. Bxh7 b5 26. Bd3 Kb7 27. b4 Ra8 28. g3 Bd7 29. Kg2 a5 30. a3 axb4 31. axb4 Rxa1 32. Rxa1 Ra8 33. Rxa8 Kxa8 34. f5 1-0

[Event "BCF-chT1d 0910 (4NCL) Demotion pool"]
[Site "England"]
[Date "2010.05.02"]
[Round "10.1"]
[White "Slaby, Jerzy"]
[Black "Collinson, Adam"]
[Result "1-0"]
[WhiteElo "2470"]
[BlackElo "2393"]
[PlyCount "133"]
[EventDate "2009.10.24"]
[EventType "team-tourn"]
[EventRounds "4"]
[EventCountry "ENG"]
[SourceTitle "EXT 2011"]
[Source "ChessBase"]
[SourceDate "2010.11.26"]
[SourceVersion "1"]
[SourceVersionDate "2010.11.26"]
[SourceQuality "1"]
[WhiteTeam "Pandoras Box"]
[BlackTeam "Barbican II"]
[WhiteTeamCountry "ENG"]
[BlackTeamCountry "ENG"]

1. d4 Nf6 2. Nf3 g6 3. c4 Bg7 4. Nc3 0-0 5. e4 d6 6. h3 Na6 7. Bg5 h6 8. Be3 e5 9. d5 Nc5 10. Nd2 a5 11. g4 c6 12. Be2 Bd7 13. h4 cxd5 14. cxd5 a4 15. g5 hxg5 16. hxg5 Nh7 17. Rg1 Qa5 18. Nc4 Qc7 19. Na3 Rfc8 20. Qd2 Bf8 21. f3 Qa5 22. Kf2 Rab8 23. Rh1 b5 24. Ncxb5 Qxd2 25. Bxd2 Be7 26. Rhg1 Rb7 27. Bc1 Rcb8 28. Nc3 Nf8 29. Nc4 Bb5 30. Na5 Ra7 31. Nc6 Bxc6 32. dxc6 Nfe6 33. Nd5 Bd8 34. Nf6+ Bxf6 35. gxf6 Rc7 36. Bc4 Rxc6 37. Bd5 Nd3+ 38. Ke3 Rxc1 39. Raxc1 Nxc1 40. Rxc1 Nc5 41. b3 axb3 42. axb3 Nd7 43. Rc7 Nxf6 44. Bxf7+ Kf8 45. Bc4 Nh5 46. Kd3 Ke8 47. Kc3 Kd8 48. Rf7 Nf4 49. b4 Rc8 50. Kb3 Rc7 51. Rf8+ Ke7 52. Rh8 Ne6 53. Bxe6 Kxe6 54. b5 d5 55. Re8+ Kd7 56. Rxe5 dxe4 57. Rxe4 Rc1 58. Rd4+ Ke7 59. Kb4 Ke6 60. b6 Ke5 61. Rc4 Rf1 62. Rc3 Kd6 63. Kb5 Rb1+ 64. Ka6 Kd5 65. b7 Kd4 66. Rc6 Kd5 67. Rxg6 1-0

[Event "BCF-chT1b 0910 (4NCL)"]
[Site "England"]
[Date "2010.02.21"]
[Round "6.1"]
[White "Slaby, Jerzy"]
[Black "Swanson, Stephen"]
[Result "1-0"]
[WhiteElo "2470"]
[BlackElo "2263"]
[PlyCount "81"]
[EventDate "2009.10.24"]
[EventType "team-tourn"]
[EventRounds "7"]
[EventCountry "ENG"]
[SourceTitle "EXT 2011"]
[Source "ChessBase"]
[SourceDate "2010.11.26"]
[SourceVersion "1"]
[SourceVersionDate "2010.11.26"]
[SourceQuality "1"]
[WhiteTeam "Pandoras Box"]
[BlackTeam "Poisoned Pawns"]
[WhiteTeamCountry "ENG"]
[BlackTeamCountry "ENG"]

1. e4 g6 2. d4 Bg7 3. c3 d6 4. Bd3 e5 5. Nf3 Nc6 6. 0-0 Bg4 7. d5 Nce7 8. c4 c5 9. Nc3 Nh6 10. a3 0-0 11. h3 Bd7 12. Rb1 f6 13. b4 b6 14. Bd2 Nf7 15. bxc5 dxc5 16. a4 Nd6 17. a5 Qc7 18. Qe2 Rab8 19. axb6 axb6 20. Rb2 Ra8 21. Nh2 f5 22. Rfb1 Ra6 23. Nf3 fxe4 24. Nxe4 Nef5 25. Nfg5 Nd4 26. Qd1 N6f5 27. Bc3 Qa7 28. Nxc5 bxc5 29. Rb7 Qa8 30. Rxd7 Ra7 31. Rxa7 Qxa7 32. Bxf5 gxf5 33. Bxd4 cxd4 34. Ne6 Rc8 35. Qh5 e4 36. Qxf5 e3 37. Ng5 exf2+ 38. Kh1 Re8 39. Qxh7+ Kf8 40. Ne6+ Rxe6 41. dxe6 1-0

[Event "Warsaw AIG Life rapid 9th"]
[Site "Warsaw"]
[Date "2009.12.19"]
[Round "7"]
[White "Peterson, Eric"]
[Black "Slaby, Jerzy"]
[Result "1-0"]
[WhiteElo "2242"]
[BlackElo "2470"]
[PlyCount "119"]
[EventDate "2009.12.19"]
[EventType "swiss (rapid)"]
[EventRounds "13"]
[EventCountry "POL"]
[SourceTitle "CBM 133 Extra"]
[Source "ChessBase"]
[SourceDate "2010.01.05"]
[SourceVersion "1"]
[SourceVersionDate "2010.01.05"]
[SourceQuality "1"]

1. e4 c5 2. d4 cxd4 3. c3 d3 4. Bxd3 Nc6 5. Nf3 d6 6. 0-0 g6 7. Qb3 Bg7 8. Ng5 e6 9. Bf4 a6 10. Rd1 Ne5 11. Be2 Ne7 12. Nd2 0-0 13. Ndf3 N7c6 14. Nxe5 Nxe5 15. Nf3 Qc7 16. a4 b6 17. Qb4 Rd8 18. Nxe5 Bxe5 19. Bxe5 dxe5 20. Rxd8+ Qxd8 21. Rd1 Qc7 22. Qd6 Qc5 23. Qxc5 bxc5 24. Rd8+ Kg7 25. a5 Kf6 26. f3 Ke7 27. Rh8 h5 28. h4 Kd7 29. Rf8 Ke7 30. Rh8 Kd7 31. Kf2 Rb8 32. Rf8 Ke7 33. Rh8 Kd7 34. Rf8 f5 35. Rg8 Rxb2 36. Rxg6 f4 37. Kf1 Kd6 38. Rh6 Ra2 39. Rxh5 Rxa5 40. Rh8 Ra1+ 41. Kf2 Bd7 42. h5 a5 43. h6 Rh1 44. Ra8 a4 45. Ra6+ Ke7 46. Ra7 Kd6 47. Ra6+ Kc7 48. Ra7+ Kc8 49. Ba6+ Kd8 50. Ra8+ Ke7 51. Ra7 Kd6 52. h7 Rxh7 53. Bb5 a3 54. Bc4 Rh1 55. Rxa3 Rc1 56. Ra6+ Ke7 57. Ra7 Rxc3 58. Bb5 Rc2+ 59. Ke1 Rc3 60. Kf2 1-0

[Event "POL-chT 2nd League"]
[Site "Miedzyzdroje"]
[Date "2009.09.17"]
[Round "6"]
[White "Slaby, Jerzy"]
[Black "Markiewicz, Jacek"]
[Result "1-0"]
[WhiteElo "2463"]
[BlackElo "2322"]
[PlyCount "109"]
[EventDate "2009.09.12"]
[EventType "team-swiss"]
[EventRounds "9"]
[EventCountry "POL"]
[SourceTitle "EXT 2019"]
[Source "ChessBase"]
[SourceDate "2018.10.10"]
[SourceVersion "1"]
[SourceVersionDate "2018.10.10"]
[SourceQuality "1"]
[WhiteTeam "Pultusk Nadnarwianka"]
[BlackTeam "Chrzanow UKS SP 8 U19"]
[WhiteTeamCountry "POL"]
[BlackTeamCountry "POL"]

1. Nf3 Nf6 2. d4 d5 3. g3 e6 4. Bg2 Be7 5. 0-0 0-0 6. c4 b6 7. Nc3 Bb7 8. Ne5 Nbd7 9. Qa4 Nxe5 10. dxe5 Ne4 11. Nxe4 dxe4 12. Rd1 Qe8 13. Qc2 Qc6 14. Rd4 f5 15. exf6 Bxf6 16. Rxe4 Bd4 17. e3 Bf6 18. Bd2 Rae8 19. Bb4 Rf7 20. Bf3 Qd7 21. Rd1 Qc8 22. Rf4 g5 23. Bxb7 Qxb7 24. Re4 Bxb2 25. c5 bxc5 26. Bxc5 Bg7 27. Qc4 Qc6 28. Qa4 Qa8 29. Bxa7 Rf5 30. Qc4 Kh8 31. Rxe6 Ref8 32. e4 R5f7 33. Be3 g4 34. a4 Qb7 35. Rc6 Qb2 36. Qc2 Qe5 37. Rc5 Qe6 38. Qc4 Qg6 39. a5 Re7 40. Rxc7 Rxe4 41. Qd3 Ra4 42. Qxg6 hxg6 43. Bb6 Re8 44. Rdc1 Ree4 45. Ra7 Re8 46. Kg2 Rf8 47. Rac7 Bd4 48. Bxd4+ Rxd4 49. R1c2 Ra4 50. Ra7 Rd8 51. a6 Kg8 52. Rc6 Rf8 53. Rxg6+ Kh8 54. Rh6+ Kg8 55. Rhh7 1-0

[Event "POL-chT 2nd League"]
[Site "Miedzyzdroje"]
[Date "2009.09.14"]
[Round "3"]
[White "Zgadzaj, Rafal"]
[Black "Slaby, Jerzy"]
[Result "0-1"]
[WhiteElo "2245"]
[BlackElo "2463"]
[PlyCount "78"]
[EventDate "2009.09.12"]
[EventType "team-swiss"]
[EventRounds "9"]
[EventCountry "POL"]
[SourceTitle "EXT 2019"]
[Source "ChessBase"]
[SourceDate "2018.10.10"]
[SourceVersion "1"]
[SourceVersionDate "2018.10.10"]
[SourceQuality "1"]
[WhiteTeam "Chroscice LZS Victoria"]
[BlackTeam "Pultusk Nadnarwianka"]
[WhiteTeamCountry "POL"]
[BlackTeamCountry "POL"]

1. Nf3 Nf6 2. g3 b5 3. a4 b4 4. c3 e6 5. Bg2 Bb7 6. d4 c5 7. 0-0 Be7 8. dxc5 Na6 9. Be3 bxc3 10. Nxc3 Bxc5 11. Bxc5 Nxc5 12. b4 Nce4 13. Nb5 Qb6 14. Qd4 Qxd4 15. Nfxd4 Ke7 16. Rfc1 a6 17. Na3 Rhb8 18. f3 Nd6 19. Rc5 Nd5 20. Nac2 f5 21. e4 fxe4 22. fxe4 Nb6 23. e5 Nf7 24. Ne3 Bxg2 25. Kxg2 Nc8 26. Rb1 a5 27. Nb5 axb4 28. Rxb4 Na7 29. Rg4 Nxb5 30. axb5 Ra2+ 31. Kh3 g5 32. Rb4 h5 33. g4 h4 34. Nc4 Rc2 35. b6 Nd8 36. Rb3 Nc6 37. b7 Rf8 38. Rxc6 Rff2 39. Rxe6+ dxe6 0-1